| 000 | 00419cam a2200169 4500 | ||
|---|---|---|---|
| 001 | D14483 | ||
| 008 | 090401t1951 xxu||||| |||| 00| 0 eng d | ||
| 035 | _a(Sirsi) u15986 | ||
| 041 | _aeng | ||
| 100 | _aWillis, Arthur J | ||
| 245 | _aPractice and procedure for the quantity surveyor | ||
| 260 |
_aLondon _bCrosby Lockwood and Son _c1951 |
||
| 350 | _a0 | ||
| 520 | _aShelf 137 | ||
| 942 | _n0 | ||
| 948 | _c04/03/1997 | ||
| 999 |
_c87335 _d87335 |
||